000 00571 a2200205 4500
001 130694
020 _a85-02-01941-4
040 _cLeonardo Da Vinci
041 _aPortuguês
082 _a344.0465 T653a
_bT653a
100 _aTORTORELLO, Jayme Aparecido
245 _aAcidentes do trabalho
_bteoria e prática
250 _a2.ed
260 _bSaraiva
_c1996
_aSão Paulo
300 _a261
362 _a19960000
500 _aEdição atualizada
697 _aDireito
_aDireito do trabalho
_aLegislação
_aLeis
_aAcidente de trabalho
_aBrasil
_aFIPEN
942 _cBK
999 _c130694
_d130694